Open Data Biblioteca Nacional de Portugal


República Portuguesa: Ministério da Cultura
Biblioteca Nacional de Portugal

Catálogo da BNP: acesso por Identificadores Unívocos
Registos Bibliográficos associados ao registo de autoridade

Etiqueta de registo: 00230nam 2200025 450
001 1829479
003 http://id.bnportugal.gov.pt/bib/catbnp/1829479
100 ## $a20130129d2012 k y0pory0103 ba
101 0# $aengeng$apor
102 ## $aPT
105 ## $aa m 000yy
106 ## $ar
200 1# $aCarbon dispersions in nanostructured metals$fDaniela da Silva Nunes Gomes$gorient. Patrícia Maria Cristovam Cipriano Almeida de Carvalho, José de Brito Correia
210 #9 $aLisboa$c[s.n.],$d2012
215 ## $aXXX, 180 p.$cil.$d30 cm
215 ## $a1 disco ótico (CD-ROM) em caixa$cil.$d13 x 14 x 1 cm
305 ## $aEd. impressa e em CD-ROM
320 ## $aContém bibliografia
328 #1 $aTese dout. Materials Engineering, Inst. Sup. Técnico, Univ. Técnica de Lisboa, 2012
675 ## $a620.178(043)$vBN$zpor$31221304
675 ## $a620.168(043)$vBN$zpor$31229661
675 ## $a546.2/.7(043)$vBN$zpor$31520344
675 ## $a620.3(043)$vBN$zpor$31386155
700 #1 $aGomes,$bDaniela da Silva Nunes$31520227
702 #1 $aCarvalho,$bPatrícia Maria Cristovam Cipriano Almeida de$4727$31404153
702 #1 $aCorreia,$bJosé de Brito$4727$31397947
801 #0 $aPT$bBN$gRPC
966 ## $lBN$mDEM$sS.A. 54211 P.
966 ## $lBN$mFGMON$sS.A. 149125 V.$x1

Etiqueta de registo: 00254nam 2200025 450
001 2283788
003 http://id.bnportugal.gov.pt/bib/catbnp/2283788
100 ## $a20260407d2025 k y0pory01030103ba
101 0# $aeng$dpor
102 ## $aPT
105 ## $aa m 000yy
106 ## $ar
200 1# $aMicrowave-assisted syntheses of sustainable Tio2-based platforms for water remediation$fMaria Leonor Joaquim do Nascimento Matias$gorient. Daniela da Silva Nunes Gomes, Joana Catarina Ferreira Rodrigues, Ana Maria Staack Reis Machado
210 #9 $aLisboa$c[s.n.],$d2025
215 ## $aXLVIII, 330 p.$cil.$d30 cm
328 #1 $aTese dout. Micro and Nanotechnology Engineering, Universidade Nova de Lisboa, 2025
700 #1 $aMatias,$bMaria Leonor Joaquim do Nascimento$31994869
702 #1 $aGomes,$bDaniela da Silva Nunes$4727$31520227
702 #1 $aMachado,$bAna Maria Staack Reis$4727$31994876
702 #1 $aRodrigues,$bJoana Catarina Ferreira$4727$31750510
801 #0 $aPT$bBN$gRPC
966 ## $lBN$mFGMON$x1
971 ## $cabrito$d20260407

OpendataBNP@bnportugal.pt | Mais informação sobre acesso aos dados BNP